00911nam a22002417a 450000500170000001000110001702000110002803500110003903700160005004000120006608200180007810000310009624501340012726000420026127000500030330000240035350000510037765000260042865000320045494200270048699900190051395201370053220170124110101.0 a691166 c045.00 a691166 bCen Lib/Ret aDPLbEN a954.0841bCHA aChaudhary, Sukhbir 927127 aIndian people fight for national liberation :cby Sukhbir Chaudhary bnon-coperation, khilafat and revivalist movements 1920-22 / bSrijanee Prakashan aNew Delhi c1972 bNew Delhi aFlat-33, Sanskar Market e110001 axv, 456p.c21cm(Hb) aIncludes bibliographical references and index  aHistory zIndia 9436 aPolitical movements 979709 2ddccENh954.0841mCHA c129686d129686 00104070aLbLd2015-07-07eCen Lib/Retg45.00l1o954.0841 CHAp691166r2017-08-18 00:00:00s2017-08-05t1v45.00w2015-07-07yEN